[Event "4NCL/Div4/GLOSG vs. OXF2"]
[Site "West Bromwich ENG"]
[Date "2005.12.03"]
[Round "3.4"]
[White "Bruce, Dave"]
[Black "Gilmour, Andrew J"]
[Result "1/2-1/2"]
[WhiteElo "2015"]
[BlackElo "2065"]
[PlyCount "117"]
[EventDate "2005.12.03"]
[SourceDate "2005.10.25"]

1. e4 c5 2. Nf3 d6 3. d4 cxd4 4. Nxd4 Nf6 5. Nc3 g6 6. Be3 Bg7 7. h3 Nc6 8. Bc4
O-O 9. Bb3 Bd7 10. O-O Qa5 11. f4 Qh5 12. Nf3 Rac8 13. Qe1 b5 14. Rd1 b4 15.
Nd5 Nxe4 16. f5 gxf5 17. Nd4 Nxd4 18. Nxe7+ Kh8 19. Rxd4 Rce8 20. Rxe4 fxe4 21.
Nd5 Qe5 22. Qh4 f5 23. c3 bxc3 24. bxc3 Qe6 25. Nf4 Qf6 26. Qg3 a5 27. Rd1 a4
28. Bd5 Rb8 29. Kh2 Rfe8 30. h4 Re7 31. Nh5 Qg6 32. Bg5 Be5 33. Nf4 Bxf4 34.
Qxf4 Re5 35. c4 Rb2 36. Kh3 Rxa2 37. c5 Rc2 38. cxd6 Rc3+ 39. g3 Rxd5 40. Rxd5
Rf3 41. Qe5+ Kg8 42. Rc5 f4+ 43. Kg2 Rxg3+ 44. Kh2 Qe6 45. Qxe6+ Bxe6 46. Bxf4
Rh3+ 47. Kg2 Rxh4 48. Bg3 Rg4 49. Ra5 Bd7 50. Ra7 Rg7 51. Kf2 e3+ 52. Ke1 Rxg3
53. Rxd7 Rg6 54. Ke2 Re6 55. Ra7 Rxd6 56. Kxe3 Re6+ 57. Kf4 Rh6 58. Kg5 Rg6+
59. Kf5 1/2-1/2

[Event "4NCL/Div4/GLOSG vs. OXF2"]
[Site "West Bromwich ENG"]
[Date "2005.12.03"]
[Round "3.5"]
[White "Ponter, Ian"]
[Black "Morris, Graham"]
[Result "1/2-1/2"]
[WhiteElo "2050"]
[BlackElo "2025"]
[PlyCount "41"]
[EventDate "2005.12.03"]
[SourceDate "2005.10.25"]

1. e4 c5 2. Nf3 d6 3. d4 cxd4 4. Nxd4 Nf6 5. Nc3 e6 6. Be2 Be7 7. O-O O-O 8.
Be3 a6 9. Bf3 Qc7 10. Qe2 Nc6 11. Nxc6 bxc6 12. Na4 Rb8 13. b3 d5 14. Bc5 Bxc5
15. Nxc5 Qa5 16. Nd3 Bb7 17. b4 Qb6 18. Rfe1 dxe4 19. Bxe4 Nxe4 20. Qxe4 c5 21.
bxc5 1/2-1/2

[Event "4NCL/Div4/GLOSG vs. OXF2"]
[Site "West Bromwich ENG"]
[Date "2005.12.03"]
[Round "3.6"]
[White "Stembridge, Ed"]
[Black "Taylor, Geoffrey P"]
[Result "0-1"]
[WhiteElo "1960"]
[BlackElo "2050"]
[PlyCount "58"]
[EventDate "2005.12.03"]
[SourceDate "2005.10.25"]

1. e4 c5 2. Nc3 Nc6 3. f4 g6 4. Nf3 Bg7 5. Bb5 e6 6. O-O Nge7 7. d3 d5 8. Qe1
O-O 9. Qh4 Nd4 10. f5 exf5 11. exd5 Nxb5 12. Nxb5 Nxd5 13. Bg5 Qd7 14. c4 a6
15. cxd5 axb5 16. Be7 Re8 17. d6 Qc6 18. Rae1 Ra4 19. Qg3 Rxa2 20. Re2 Qd5 21.
Rfe1 Bd7 22. Ne5 Qd4+ 23. Kf1 Bxe5 24. Rxe5 Rxb2 25. R5e3 Bc6 26. Bf6 Rxe3 27.
Qxe3 Qxf6 28. Qxc5 Qg5 29. Qg1 Qf4+ 0-1

[Event "4NCL/Div4/NOTT1 vs. CAV"]
[Site "West Bromwich ENG"]
[Date "2005.12.03"]
[Round "3.1"]
[White "Barnes, Michael H"]
[Black "Harman, Kenneth B"]
[Result "1/2-1/2"]
[WhiteElo "2200"]
[BlackElo "2160"]
[PlyCount "153"]
[EventDate "2005.12.03"]
[SourceDate "2005.10.25"]

1. d4 Nf6 2. Nf3 g6 3. c4 c5 4. Nc3 cxd4 5. Nxd4 Nc6 6. e4 Bg7 7. Be3 O-O 8.
Be2 b6 9. O-O Bb7 10. f3 e6 11. Qd2 Qe7 12. Nxc6 dxc6 13. e5 Nd7 14. f4 Rad8
15. Qc2 f6 16. exf6 Nxf6 17. c5 Nd5 18. Nxd5 exd5 19. Rf3 d4 20. Bf2 Bc8 21.
cxb6 axb6 22. Re1 Qc7 23. Bd3 Bg4 24. Rg3 Bf5 25. Rf3 Bxd3 26. Qxd3 c5 27. Bh4
Rde8 28. Rxe8 Rxe8 29. b3 Qc6 30. a4 Bf6 31. Bf2 Qe4 32. Qxe4 Rxe4 33. Kf1 Kf7
34. g4 Ke6 35. f5+ gxf5 36. gxf5+ Kd5 37. Rh3 c4 38. bxc4+ Kxc4 39. Rh6 Bg5 40.
Rc6+ Kd5 41. Rxb6 d3 42. Rb5+ Kc4 43. Rc5+ Kb3 44. Rd5 Kc2 45. Rc5+ Kd1 46. a5
Rf4 47. Kg2 Ra4 48. Rd5 d2 49. Kf1 Ra1 50. h4 Bf6 51. Be1 Bc3 52. Bxd2 Bxd2 53.
f6 Rxa5 54. Rxa5 Bxa5 55. f7 Bb4 56. Kf2 Kd2 57. Kf3 Kd3 58. h5 Bf8 59. Kf4 Ke2
60. Kg3 Ke3 61. Kg2 Kf4 62. Kh2 Kf5 63. Kh3 Kg5 64. h6 Kxh6 65. Kg4 Kg6 66. Kh4
Be7+ 67. Kh3 Kxf7 68. Kg2 Kg6 69. Kg3 Bd6+ 70. Kg4 Kh6 71. Kh4 Kg6 72. Kg4 h5+
73. Kh3 Kg5 74. Kg2 Kg4 75. Kg1 Kg3 76. Kh1 Kh3 77. Kg1 1/2-1/2

[Event "4NCL/Div4/NOTT1 vs. CAV"]
[Site "West Bromwich ENG"]
[Date "2005.12.03"]
[Round "3.2"]
[White "Scrimgour, Alan"]
[Black "Richmond, Robert J"]
[Result "0-1"]
[WhiteElo "2120"]
[BlackElo "2190"]
[PlyCount "72"]
[EventDate "2005.12.03"]
[SourceDate "2005.10.25"]

1. e4 e6 2. d4 d5 3. Nc3 Bb4 4. e5 c5 5. a3 Bxc3+ 6. bxc3 Qc7 7. Nf3 Ne7 8. a4
b6 9. Bb5+ Bd7 10. O-O O-O 11. Re1 Nbc6 12. Ba3 Na5 13. c4 Bxb5 14. cxb5 Nc4
15. dxc5 bxc5 16. Qe2 a6 17. bxa6 Rxa6 18. Nd2 Rxa4 19. Nxc4 Rxc4 20. Reb1 Ng6
21. Rb5 Ra8 22. Bb2 Rxa1+ 23. Bxa1 h6 24. f3 Qa7 25. Qd1 Qa4 26. Rb3 Rb4 27.
Qb1 Rxb3 28. cxb3 Qf4 29. Qe1 d4 30. Bb2 Qxe5 31. Qxe5 Nxe5 32. Kf1 Kf8 33. Ke2
Ke7 34. f4 Nc6 35. Kd3 Kd6 36. Ba3 Kd5 0-1

[Event "4NCL/Div4/NOTT1 vs. CAV"]
[Site "West Bromwich ENG"]
[Date "2005.12.03"]
[Round "3.3"]
[White "Mercs, Peter J"]
[Black "Crichton, Martin"]
[Result "0-1"]
[WhiteElo "2110"]
[BlackElo "2035"]
[PlyCount "58"]
[EventDate "2005.12.03"]
[SourceDate "2005.10.25"]

1. e4 c6 2. d4 d5 3. exd5 cxd5 4. Nf3 Nc6 5. c4 Nf6 6. Nc3 Bg4 7. cxd5 Nxd5 8.
Qb3 Bxf3 9. gxf3 Nb6 10. Be3 e6 11. O-O-O Be7 12. Rg1 g6 13. Bh6 Qc7 14. Rg4
O-O-O 15. Bf4 Bd6 16. Bxd6 Rxd6 17. Kb1 a6 18. Re4 Rhd8 19. Ne2 Kb8 20. Rc1 Ka7
21. Qa3 Qd7 22. Nc3 Kb8 23. Qc5 Ne7 24. Bh3 Rc8 25. Qa5 Nc4 26. Qg5 Nd5 27.
Nxd5 Rxd5 28. Qf4+ Ka8 29. Bf1 g5 0-1

[Event "4NCL/Div4/NOTT1 vs. CAV"]
[Site "West Bromwich ENG"]
[Date "2005.12.03"]
[Round "3.4"]
[White "Hamblin, David J"]
[Black "Halfpenny, Glenn"]
[Result "1/2-1/2"]
[WhiteElo "2025"]
[BlackElo "2125"]
[PlyCount "43"]
[EventDate "2005.12.03"]
[SourceDate "2005.10.25"]

1. d4 d5 2. c4 e6 3. Nc3 Be7 4. Bf4 Nf6 5. e3 O-O 6. cxd5 Nxd5 7. Bg3 c5 8. Nf3
Nc6 9. Be2 cxd4 10. Nxd4 Nxd4 11. exd4 Qa5 12. Qb3 Bd7 13. O-O Nxc3 14. bxc3
Bc6 15. a4 Rac8 16. c4 Bf6 17. Rfd1 Rfd8 18. Qe3 a6 19. c5 Rd7 20. Bd6 Qd8 21.
a5 Be7 22. Bg3 1/2-1/2

[Event "4NCL/Div4/NOTT1 vs. CAV"]
[Site "West Bromwich ENG"]
[Date "2005.12.03"]
[Round "3.5"]
[White "Truman, Richard G"]
[Black "Tart, Peter"]
[Result "1-0"]
[WhiteElo "2070"]
[BlackElo "2015"]
[PlyCount "57"]
[EventDate "2005.12.03"]
[SourceDate "2005.10.25"]

1. d4 d5 2. c4 e5 3. dxe5 d4 4. Nf3 Nc6 5. g3 Be6 6. Nbd2 Qd7 7. Qa4 O-O-O 8.
h3 Kb8 9. a3 Nxe5 10. Qxd7 Nxf3+ 11. Nxf3 Rxd7 12. Bf4 Bd6 13. Bxd6 Rxd6 14. c5
Rd5 15. b4 Nf6 16. Bg2 d3 17. exd3 Rxd3 18. Ne5 Rd4 19. O-O c6 20. Bxc6 Bxh3
21. Rfc1 Rd2 22. Nc4 Rd3 23. Bh1 Re8 24. Nd6 Re2 25. Re1 Rb2 26. Re7 Nd5 27.
Rxb7+ Ka8 28. Rxf7 a6 29. Re1 1-0

[Event "4NCL/Div4/NOTT1 vs. CAV"]
[Site "West Bromwich ENG"]
[Date "2005.12.03"]
[Round "3.6"]
[White "Chapman, Timothy J"]
[Black "Burke, Steven J"]
[Result "1/2-1/2"]
[WhiteElo "1855"]
[BlackElo "2065"]
[PlyCount "28"]
[EventDate "2005.12.03"]
[SourceDate "2005.10.25"]

1. e4 c5 2. c3 d5 3. exd5 Qxd5 4. d4 e5 5. dxe5 Qxd1+ 6. Kxd1 Nc6 7. f4 f6 8.
Nf3 Bg4 9. Bb5 O-O-O+ 10. Ke1 Bxf3 11. gxf3 Re8 12. Bxc6 bxc6 13. Kf2 fxe5 14.
Re1 Bd6 1/2-1/2

[Event "4NCL/Div4/NOTT2 vs. WWKS2"]
[Site "West Bromwich ENG"]
[Date "2005.12.03"]
[Round "3.1"]
[White "Webster, Richard J"]
[Black "Baruch, Andrew J D"]
[Result "1/2-1/2"]
[WhiteElo "2020"]
[BlackElo "2180"]
[PlyCount "63"]
[EventDate "2005.12.03"]
[SourceDate "2005.10.25"]

1. c4 g6 2. g3 Bg7 3. Bg2 e5 4. Nc3 Nc6 5. e4 d6 6. Nge2 h5 7. h3 h4 8. g4 Be6
9. d3 Bh6 10. f4 f6 11. Nd5 Nd4 12. Nxd4 exd4 13. f5 Bxd5 14. cxd5 gxf5 15.
gxf5 Qd7 16. Qh5+ Qf7 17. Qxf7+ Kxf7 18. Bxh6 Nxh6 19. Rc1 Rac8 20. Rc4 Rhg8
21. Bf1 Ke7 22. Rxd4 Nf7 23. Rb4 b6 24. Kf2 Rg3 25. Rc4 Kd7 26. Rc3 Rcg8 27.
Rh2 Ng5 28. Bg2 a5 29. Ra3 Rg7 30. Rc3 Rg8 31. Ra3 Rg7 32. Rc3 1/2-1/2

[Event "4NCL/Div4/NOTT2 vs. WWKS2"]
[Site "West Bromwich ENG"]
[Date "2005.12.03"]
[Round "3.2"]
[White "Hunt, Malcolm A"]
[Black "Thompson, Brian"]
[Result "1/2-1/2"]
[WhiteElo "2105"]
[BlackElo "2030"]
[PlyCount "108"]
[EventDate "2005.12.03"]
[SourceDate "2005.10.25"]

1. d4 Nf6 2. Nf3 g6 3. h3 Bg7 4. Bf4 d6 5. e3 O-O 6. c4 c5 7. Nc3 Na6 8. Be2
Bd7 9. O-O Nc7 10. dxc5 dxc5 11. Ne5 Ne6 12. Bh2 Qc8 13. Nxd7 Qxd7 14. Qb3 Rad8
15. Rad1 Qc8 16. Nd5 Nxd5 17. cxd5 Nc7 18. e4 b5 19. Bxb5 Nxb5 20. Qxb5 Rd7 21.
b3 Bd4 22. Qc4 Rb7 23. Bf4 Rb4 24. Qe2 Qd7 25. Be3 Rfb8 26. Bxd4 cxd4 27. Rd3
a5 28. Rfd1 Qa7 29. e5 a4 30. Qe4 axb3 31. axb3 Rxb3 32. Rxb3 Rxb3 33. Qxd4
Qxd4 34. Rxd4 Kf8 35. Kf1 Ke8 36. Ke2 Kd7 37. Rd3 Rb2+ 38. Ke3 f6 39. exf6 exf6
40. Ra3 Kd6 41. Ra6+ Kxd5 42. Rxf6 Ke5 43. Rf8 Rb3+ 44. Ke2 Ra3 45. g3 Ke6 46.
Kf1 Ke7 47. Rf4 Ke6 48. Kg2 Ke5 49. Rf3 Ra1 50. g4 Ra7 51. Kg3 Ke6 52. Kh4 Ra5
53. Rf8 h5 54. g5 Rf5 1/2-1/2

[Event "4NCL/Div4/NOTT2 vs. WWKS2"]
[Site "West Bromwich ENG"]
[Date "2005.12.03"]
[Round "3.3"]
[White "Harrison, John"]
[Black "Emanuel, John"]
[Result "0-1"]
[WhiteElo "2015"]
[BlackElo "2070"]
[PlyCount "66"]
[EventDate "2005.12.03"]
[SourceDate "2005.10.25"]

1. d4 e6 2. e4 d5 3. Nc3 Bb4 4. e5 c5 5. Bd2 a6 6. Qg4 Kf8 7. a3 Bxc3 8. Bxc3
b6 9. Nf3 Nc6 10. Bd3 Qc7 11. O-O f5 12. exf6 Nxf6 13. Qh4 c4 14. Be2 Ne4 15.
Bb4+ Nxb4 16. axb4 Qe7 17. Qf4+ Nf6 18. Ne5 Kg8 19. b5 a5 20. b3 cxb3 21. cxb3
Bb7 22. Rfc1 Rf8 23. Nd3 Ne8 24. Qe3 Nf6 25. Qe5 Ne8 26. Bg4 Rf6 27. Nf4 Kf7
28. Re1 Nc7 29. Rac1 Rc8 30. Nh5 Rg6 31. Rc3 Nxb5 32. Rf3+ Kg8 33. Bxe6+ Qxe6
0-1

[Event "4NCL/Div4/NOTT2 vs. WWKS2"]
[Site "West Bromwich ENG"]
[Date "2005.12.03"]
[Round "3.4"]
[White "Cooper, David M"]
[Black "Graham, Neil"]
[Result "1/2-1/2"]
[WhiteElo "2080"]
[BlackElo "1930"]
[PlyCount "62"]
[EventDate "2005.12.03"]
[SourceDate "2005.10.25"]

1. e4 e5 2. Nf3 Nf6 3. Nxe5 d6 4. Nf3 Nxe4 5. c4 Nc6 6. Nc3 Nxc3 7. dxc3 Be7 8.
Be3 Be6 9. Qc2 Qd7 10. O-O-O Bf5 11. Bd3 Bxd3 12. Qxd3 O-O 13. h4 Qe6 14. Ng5
Bxg5 15. hxg5 g6 16. Rh4 f5 17. gxf6 Rxf6 18. Re4 Ne5 19. Qd5 Qxd5 20. Rxd5 Rf7
21. c5 Nd7 22. Rh4 dxc5 23. f3 b6 24. Bg5 Re8 25. Rf4 Rxf4 26. Bxf4 Nf6 27. Rd2
Re7 28. Kc2 Kf7 29. Bg5 Rd7 30. Re2 Re7 31. Rd2 Rd7 1/2-1/2

[Event "4NCL/Div4/NOTT2 vs. WWKS2"]
[Site "West Bromwich ENG"]
[Date "2005.12.03"]
[Round "3.5"]
[White "Wright, Antony J"]
[Black "Malik, Dani"]
[Result "1-0"]
[WhiteElo "1920"]
[BlackElo "1955"]
[PlyCount "113"]
[EventDate "2005.12.03"]
[SourceDate "2005.10.25"]

1. c4 Nf6 2. d4 e6 3. Nc3 d5 4. cxd5 exd5 5. Bg5 Bb4 6. e3 O-O 7. Bd3 h6 8. Bh4
c5 9. a3 Bxc3+ 10. bxc3 cxd4 11. cxd4 Be6 12. Ne2 Qa5+ 13. Qd2 Qxd2+ 14. Kxd2
g5 15. Bg3 Nc6 16. Rab1 b6 17. Rhc1 Na5 18. f3 Rac8 19. Rxc8 Rxc8 20. Rb4 Nh5
21. Bf2 Kf8 22. Nc3 Ke7 23. Ba6 Rd8 24. Ne2 Bc8 25. Bd3 Be6 26. e4 Bc8 27. g3
Bb7 28. e5 Bc6 29. Be3 Bd7 30. Nc3 Bc6 31. Rb1 f6 32. f4 fxe5 33. fxe5 Rf8 34.
Nb5 Bxb5 35. Bxb5 Ng7 36. Ke2 Rc8 37. Rc1 Rxc1 38. Bxc1 Ne6 39. Kd3 Nc7 40. Ba4
b5 41. Bd1 Nc4 42. h4 gxh4 43. gxh4 a5 44. h5 Kf7 45. a4 bxa4 46. Bxa4 Nb6 47.
Bc6 Kg7 48. Ba3 Kf7 49. Bc5 Nc8 50. Bd6 Nxd6 51. exd6 Na6 52. Bxd5+ Kf6 53. Bb3
Nb8 54. Kc4 Kg5 55. Bd1 a4 56. Bxa4 Kxh5 57. d7 1-0

[Event "4NCL/Div4/NOTT2 vs. WWKS2"]
[Site "West Bromwich ENG"]
[Date "2005.12.03"]
[Round "3.6"]
[White "Malik, Kaiser"]
[Black "Lavelle, Terry W"]
[Result "1-0"]
[WhiteElo "1935"]
[BlackElo "1815"]
[PlyCount "54"]
[EventDate "2005.12.03"]
[SourceDate "2005.10.25"]

1. e4 c5 2. c3 Qa5 3. Nf3 Nc6 4. Na3 d6 5. Bc4 Nf6 6. Qe2 e6 7. e5 dxe5 8. Nxe5
a6 9. Nxc6 bxc6 10. O-O Bd6 11. d3 Qc7 12. h3 O-O 13. f4 Nd5 14. Qf3 Ne7 15. g4
a5 16. Nc2 a4 17. Ne3 Rb8 18. f5 Nd5 19. Qe4 Nf4 20. Qf3 Nd5 21. Ng2 exf5 22.
gxf5 Nf6 23. Rb1 Re8 24. Bg5 Nd7 25. Bxf7+ Kxf7 26. Qh5+ Kf8 27. f6 Ba6 1-0

[Event "4NCL/Div4/FCA2 vs. ATH2"]
[Site "West Bromwich ENG"]
[Date "2005.12.03"]
[Round "3.1"]
[White "Kendall, Paul S N"]
[Black "Gostelow, David W"]
[Result "1/2-1/2"]
[WhiteElo "2075"]
[BlackElo "2050"]
[PlyCount "46"]
[EventDate "2005.12.03"]
[SourceDate "2005.10.25"]

1. e4 c5 2. Nf3 Nc6 3. Bb5 g6 4. O-O Bg7 5. Bxc6 dxc6 6. h3 Nf6 7. Nc3 O-O 8.
d3 h5 9. Be3 b6 10. Qd2 Kh7 11. Nh2 e5 12. Ne2 c4 13. Nf3 cxd3 14. cxd3 Ba6 15.
Rfd1 Qe7 16. Qc2 c5 17. a4 Rac8 18. Nd2 Rfd8 19. Nc4 Ne8 20. Nc3 Nc7 21. Re1
Rd7 22. f4 Rcd8 23. a5 exf4 1/2-1/2

[Event "4NCL/Div4/FCA2 vs. ATH2"]
[Site "West Bromwich ENG"]
[Date "2005.12.03"]
[Round "3.2"]
[White "McLaughlin, Noel"]
[Black "Elwin, Adrian G"]
[Result "0-1"]
[WhiteElo "2030"]
[BlackElo "2070"]
[PlyCount "82"]
[EventDate "2005.12.03"]
[SourceDate "2005.10.25"]

1. Nf3 Nf6 2. c4 g6 3. b4 d6 4. g3 Bg7 5. Bb2 e5 6. d3 O-O 7. Bg2 Nc6 8. b5 Ne7
9. Nbd2 Nd7 10. Qc2 f5 11. c5 Nxc5 12. Nxe5 Be6 13. O-O Nd5 14. Nec4 Nf6 15.
Na5 c6 16. Bc3 cxb5 17. Ndb3 Rc8 18. Nxc5 dxc5 19. Nxb7 Qc7 20. Qb2 Rb8 21. Be5
Nd5 22. Bxc7 Bxb2 23. Bxb8 Bxa1 24. Nxc5 Bf7 25. Nd7 Rd8 26. Bxd5 Bxd5 27. Nf6+
Bxf6 28. Bxa7 Ra8 29. Bc5 Rxa2 30. e3 Bc3 31. e4 fxe4 32. dxe4 Bxe4 33. Rd1 Ra1
34. Rxa1 Bxa1 35. Bb4 Kf7 36. Kf1 Ke6 37. Ke2 Kd5 38. Ke3 Bd4+ 39. Ke2 Kc4 40.
Be7 b4 41. Bxb4 Kxb4 0-1

[Event "4NCL/Div4/FCA2 vs. ATH2"]
[Site "West Bromwich ENG"]
[Date "2005.12.03"]
[Round "3.3"]
[White "Adebajo, Femi"]
[Black "Hylands, Liam"]
[Result "1-0"]
[WhiteElo "2050"]
[BlackElo "1950"]
[PlyCount "45"]
[EventDate "2005.12.03"]
[SourceDate "2005.10.25"]

1. e4 c5 2. Nf3 Nc6 3. d4 cxd4 4. Nxd4 Nf6 5. Nc3 e5 6. Ndb5 d6 7. Bg5 a6 8.
Na3 b5 9. Nd5 Be7 10. Bxf6 Bxf6 11. c3 O-O 12. g3 Bg5 13. Bg2 Ne7 14. O-O Bb7
15. Nc2 Bxd5 16. exd5 f5 17. Nb4 Qd7 18. Nc6 f4 19. Qh5 Bh6 20. Bh3 Nf5 21.
Bxf5 Rxf5 22. Qxf5 Qxf5 23. Ne7+ 1-0

[Event "4NCL/Div4/FCA2 vs. ATH2"]
[Site "West Bromwich ENG"]
[Date "2005.12.03"]
[Round "3.4"]
[White "Doughty, Nathan"]
[Black "Williamson, Kevin J"]
[Result "1-0"]
[WhiteElo "1920"]
[BlackElo "2080"]
[PlyCount "135"]
[EventDate "2005.12.03"]
[SourceDate "2005.10.25"]

1. d4 d5 2. Nf3 Nf6 3. e3 Bf5 4. c4 c6 5. Nc3 e6 6. Ne5 Nbd7 7. cxd5 exd5 8.
Bd3 Bxd3 9. Nxd3 Bd6 10. O-O O-O 11. f4 Qb6 12. Bd2 Ne4 13. Ne5 Bxe5 14. fxe5
Nxc3 15. Bxc3 a5 16. Qg4 Qc7 17. Rf3 Rae8 18. Rg3 g6 19. Rf1 Re6 20. Qh4 f5 21.
Rh3 h5 22. Qg5 Kh7 23. e4 fxe4 24. Bd2 Rxf1+ 25. Kxf1 Nf8 26. Qh6+ Kg8 27. g4
Qf7+ 28. Ke1 Qg7 29. Qxg7+ Kxg7 30. gxh5 gxh5 31. Rxh5 b6 32. Rg5+ Ng6 33. Kf2
Kf7 34. Kg3 Ne7 35. b4 a4 36. Kg4 Ng8 37. a3 b5 38. h4 Nh6+ 39. Kf4 Ng8 40.
Rf5+ Kg6 41. h5+ Kg7 42. Kg5 Rh6 43. Be3 Re6 44. Rf1 Re8 45. Rc1 Re6 46. Rg1
Kf7 47. Kf5 Ne7+ 48. Kg4 Ng8 49. Rf1+ Kg7 50. Kf5 Re8 51. Rg1+ Kh7 52. e6 Rf8+
53. Ke5 Ne7 54. Bg5 Rg8 55. Kf6 Rg7 56. h6 Ng8+ 57. Ke5 Nxh6 58. e7 Rg8 59. Kf6
Rg6+ 60. Ke5 Nf7+ 61. Kf5 Nd6+ 62. Ke5 Kg8 63. Rf1 Nf7+ 64. Kf5 Rxg5+ 65. Kf6
Nd6 66. Kxg5 e3 67. Rf8+ Kg7 68. e8=Q 1-0

[Event "4NCL/Div4/FCA2 vs. ATH2"]
[Site "West Bromwich ENG"]
[Date "2005.12.03"]
[Round "3.5"]
[White "Valentine, Brian J"]
[Black "Aniecko, Colin"]
[Result "1-0"]
[WhiteElo "1990"]
[BlackElo "1855"]
[PlyCount "101"]
[EventDate "2005.12.03"]
[SourceDate "2005.10.25"]

1. e4 d5 2. exd5 Qxd5 3. Nc3 Qa5 4. Bc4 Nf6 5. d3 c6 6. Bd2 Bf5 7. Nf3 e6 8.
O-O Be7 9. Nd5 Qd8 10. Nxe7 Qxe7 11. Ne5 Nbd7 12. Nxd7 Qxd7 13. Qf3 O-O 14. Qg3
a5 15. a4 Bg6 16. Bb3 Nd5 17. d4 Nf6 18. Qe5 b6 19. Rad1 Ra7 20. Rfe1 Qc7 21.
Qxc7 Rxc7 22. Bf4 Rd7 23. c3 Rfd8 24. h3 h6 25. Bc4 Bc2 26. Ra1 Nd5 27. Bg3 Nf6
28. f3 Nd5 29. Re2 Bg6 30. Bh2 Bh7 31. g4 g6 32. h4 Kf8 33. Kf2 Bg8 34. Be5 Re8
35. g5 h5 36. Bxd5 cxd5 37. Rc2 Rc8 38. b3 Rc6 39. c4 Rd8 40. Ke3 Rdc8 41. Kd3
Ke8 42. Rac1 dxc4+ 43. bxc4 Kd7 44. Rb1 Kd8 45. Rb5 Kd7 46. c5 Bh7 47. Rc4 bxc5
48. dxc5 Ra6 49. Rd4+ Ke8 50. Rb7 Bg8 51. Bf6 1-0

[Event "4NCL/Div4/FCA2 vs. ATH2"]
[Site "West Bromwich ENG"]
[Date "2005.12.03"]
[Round "3.6"]
[White "Hussain, Adrian"]
[Black "Shaw, John S"]
[Result "0-1"]
[WhiteElo "1735"]
[BlackElo "1935"]
[PlyCount "70"]
[EventDate "2005.12.03"]
[SourceDate "2005.10.25"]

1. e4 c5 2. Nf3 Nc6 3. d4 cxd4 4. Nxd4 Nf6 5. Nc3 e5 6. Nf3 Bb4 7. Bc4 O-O 8.
Bg5 h6 9. Bxf6 Qxf6 10. O-O Bxc3 11. bxc3 d6 12. Re1 Bg4 13. Re3 Rac8 14. Rb1
Na5 15. Bd5 b6 16. Qd3 Be6 17. Nd2 Bxd5 18. exd5 Qe7 19. Rb4 f5 20. f4 e4 21.
Qe2 Qf6 22. Nb1 Rc5 23. c4 Rfc8 24. c3 Nxc4 25. Rg3 Qf7 26. Qd1 Rxd5 27. Qe2
Rdc5 28. a3 a5 29. Rb3 d5 30. Rh3 R5c6 31. Qh5 Qxh5 32. Rxh5 Rf8 33. Rb5 Rc5
34. Rxc5 bxc5 35. Rh3 Rb8 0-1

[Event "4NCL/Div4/KTP vs. OXF3"]
[Site "West Bromwich ENG"]
[Date "2005.12.03"]
[Round "3.2"]
[White "Levicki, Jeffrey"]
[Black "Davies, Matthew"]
[Result "0-1"]
[WhiteElo "1880"]
[BlackElo "1855"]
[PlyCount "96"]
[EventDate "2005.12.03"]
[SourceDate "2005.10.25"]

1. e4 e6 2. d4 d5 3. e5 c5 4. c3 Nc6 5. Nf3 Qb6 6. Be2 Bd7 7. O-O cxd4 8. cxd4
Nge7 9. Na3 Ng6 10. Nc2 Be7 11. Nfe1 O-O 12. f4 f6 13. Kh1 Rac8 14. Nf3 Rc7 15.
Bd3 Be8 16. Qe1 fxe5 17. fxe5 Nh8 18. Qg3 Bg6 19. Bxg6 Nxg6 20. Rf2 Rfc8 21.
Re2 Nb4 22. Bg5 Rxc2 23. Rxc2 Rxc2 24. Bxe7 Nxe7 25. Qh4 Qc7 26. h3 Ng6 27. Qh5
Rc1+ 28. Rxc1 Qxc1+ 29. Kh2 Qf4+ 30. g3 Qf5 31. Qxf5 exf5 32. e6 Nxa2 33. h4
Nb4 34. h5 Ne7 35. Ne5 Nbc6 36. Nf3 Nd8 37. Kg2 Nxe6 38. Kf2 Nc6 39. Ke3 Kf7
40. Kd3 g6 41. hxg6+ hxg6 42. Kc3 Kf6 43. b4 a6 44. Ne1 Nexd4 45. Nd3 Ne2+ 46.
Kb3 Nxg3 47. Nc5 f4 48. Nd3 f3 0-1

[Event "4NCL/Div4/KTP vs. OXF3"]
[Site "West Bromwich ENG"]
[Date "2005.12.03"]
[Round "3.3"]
[White "Fathallah, Joe"]
[Black "Smith, Jonathan"]
[Result "0-1"]
[WhiteElo "1768"]
[BlackElo "1935"]
[PlyCount "82"]
[EventDate "2005.12.03"]
[SourceDate "2005.10.25"]

1. d4 Nf6 2. g3 d5 3. Bg2 g6 4. Nf3 Bg7 5. O-O O-O 6. Nbd2 b6 7. b3 Bb7 8. Bb2
c5 9. dxc5 bxc5 10. e3 Nbd7 11. Qe2 a5 12. Rfd1 Qc7 13. c4 e6 14. cxd5 exd5 15.
Rac1 Ba6 16. Qe1 Qb6 17. Bf1 a4 18. Bxa6 Rxa6 19. Ne5 Nxe5 20. Bxe5 axb3 21.
axb3 Rd8 22. Ra1 Rxa1 23. Rxa1 Re8 24. Bb2 d4 25. e4 Nd5 26. Qf1 Qb4 27. Qd3
Nc3 28. Ba3 Qb6 29. Bb2 Qb7 30. f3 Ra8 31. Rxa8+ Qxa8 32. Nb1 Qa2 33. Bxc3 Qxb3
34. Qf1 dxc3 35. Qc1 Bd4+ 36. Kg2 Qa2+ 37. Kh3 c2 38. Nd2 Be3 39. Kg2 Qa5 40.
Qb2 Qxd2+ 41. Kh3 Bh6 0-1

[Event "4NCL/Div4/KTP vs. OXF3"]
[Site "West Bromwich ENG"]
[Date "2005.12.03"]
[Round "3.4"]
[White "Hadi, Justin"]
[Black "Ghandi, Nayan"]
[Result "1-0"]
[WhiteElo "1895"]
[BlackElo "1750"]
[PlyCount "97"]
[EventDate "2005.12.03"]
[SourceDate "2005.10.25"]

1. d4 d5 2. Bg5 Nc6 3. e3 Nf6 4. c4 e6 5. Nf3 Be7 6. Nc3 Ne4 7. Nxe4 dxe4 8.
Bxe7 Qxe7 9. Nd2 f5 10. Rc1 O-O 11. Be2 b6 12. c5 Bb7 13. a3 Rad8 14. cxb6 cxb6
15. Bc4 Kh8 16. b4 f4 17. Qg4 fxe3 18. fxe3 Bc8 19. Qxe4 Qd7 20. Bd3 g6 21.
Qxc6 Qe7 22. Be4 Qg5 23. Qc3 Kg8 24. Bf3 Ba6 25. Kf2 Qh4+ 26. g3 Qf6 27. d5
Qxc3 28. Rxc3 Rxd5 29. Rd1 Rdf5 30. Rc7 R8f7 31. Rdc1 Bb7 32. Rxf7 Rxf7 33. b5
Kg7 34. Kg2 Bxf3+ 35. Nxf3 Kf6 36. Rc6 h6 37. Nd4 Re7 38. Kf3 Ke5 39. Rxe6+
Rxe6 40. Nxe6 Kxe6 41. Ke4 Kd6 42. Kd4 Ke6 43. g4 Kd6 44. e4 Ke6 45. e5 h5 46.
gxh5 gxh5 47. h4 Ke7 48. Kd5 Kd7 49. e6+ 1-0

[Event "4NCL/Div4/KTP vs. OXF3"]
[Site "West Bromwich ENG"]
[Date "2005.12.03"]
[Round "3.5"]
[White "Griffiths, Hywel"]
[Black "Zhang, Marco"]
[Result "0-1"]
[WhiteElo "1661"]
[BlackElo "1915"]
[PlyCount "72"]
[EventDate "2005.12.03"]
[SourceDate "2005.10.25"]

1. b3 Nf6 2. Bb2 e6 3. Nf3 b6 4. e3 Bb7 5. Be2 Nc6 6. d3 Bd6 7. Nbd2 O-O 8. e4
Bf4 9. O-O d5 10. e5 Nd7 11. d4 Ne7 12. Bd3 f6 13. exf6 Rxf6 14. Re1 Qf8 15.
Ba3 c5 16. Bb2 Rh6 17. Re2 Nf5 18. Qe1 Qf7 19. g3 Bxd2 20. Nxd2 Nxd4 21. Bxd4
cxd4 22. f4 Nc5 23. Nf3 Ne4 24. Bxe4 dxe4 25. Nxd4 Qf6 26. Nb5 e5 27. fxe5 Qxe5
28. Nc3 Qc5+ 29. Re3 Rf8 30. Qd2 Rd6 31. Qc1 Rf3 32. Nd1 Rxd1+ 33. Qxd1 Qxe3+
34. Kh1 Rf8 35. Qd7 Qf3+ 36. Kg1 Qf2+ 0-1

[Event "4NCL/Div4/KTP vs. OXF3"]
[Site "West Bromwich ENG"]
[Date "2005.12.03"]
[Round "3.6"]
[White "Henbest, Kevin B"]
[Black "Parry, Matthew"]
[Result "1-0"]
[WhiteElo "1855"]
[BlackElo "1677"]
[PlyCount "51"]
[EventDate "2005.12.03"]
[SourceDate "2005.10.25"]

1. e4 c6 2. Nc3 d5 3. Nf3 Bg4 4. h3 Bh5 5. g4 Bg6 6. exd5 cxd5 7. Bb5+ Nc6 8.
Ne5 Qd6 9. d4 a6 10. Bxc6+ bxc6 11. Bf4 Qb4 12. Nxc6 Qxb2 13. Nxd5 Rc8 14. Rb1
Qxc2 15. Qxc2 Bxc2 16. Rb6 Be4 17. Nc7+ Rxc7 18. Bxc7 Bxh1 19. Ne5 e6 20. Rb8+
Ke7 21. Bd8+ Kd6 22. Nxf7+ Kd7 23. Nxh8 Ne7 24. Ba5 Nc8 25. Nf7 Ke7 26. Ne5 1-0

[Event "4NCL/Div4/CAMB2 vs. CHED"]
[Site "West Bromwich ENG"]
[Date "2005.12.03"]
[Round "3.1"]
[White "Pickard, Charles"]
[Black "Shaw, Robert"]
[Result "1/2-1/2"]
[WhiteElo "2125"]
[BlackElo "2240"]
[PlyCount "36"]
[EventDate "2005.12.03"]
[SourceDate "2005.10.25"]

1. d4 Nf6 2. Nf3 g6 3. c4 Bg7 4. g3 O-O 5. Bg2 d6 6. O-O Nc6 7. h3 a6 8. Be3
Bd7 9. Qd2 b5 10. d5 Nb8 11. Nd4 bxc4 12. Na3 a5 13. Nxc4 a4 14. b4 axb3 15.
axb3 Rxa1 16. Rxa1 e5 17. dxe6 fxe6 18. Ra8 Qe7 1/2-1/2